[Event "Dhaka Metropolis op U2100"]
[Site "Dhaka"]
[Date "2022.10.18"]
[Round "2"]
[White "Md Rajib, Hasan"]
[Black "Nasir, Uddin"]
[Result "0-1"]
[WhiteElo "1626"]
[BlackElo "1886"]
[PlyCount "68"]
[EventDate "2022.10.17"]
[EventType "swiss"]
[EventRounds "9"]
[EventCountry "BAN"]
[SourceTitle "EXT 2024"]
[Source "ChessBase"]
[SourceDate "2023.10.10"]
[SourceVersion "1"]
[SourceVersionDate "2023.10.10"]
[SourceQuality "1"]

1. d4 d5 2. Nc3 Nf6 3. Bf4 a6 4. e3 Nbd7 5. Nf3 e6 6. a3 c5 7. Be2 b5 8. 0-0 Bb7 9. h3 Be7 10. Nh2 Rc8 11. Bf3 0-0 12. Qd2 Nb6 13. Rab1 c4 14. Ne2 Ne4 15. Bxe4 dxe4 16. Ng4 Nd5 17. Bg3 Qe8 18. Nc3 h5 19. Nxd5 Bxd5 20. Nh2 Qc6 21. f4 c3 22. bxc3 Qxc3 23. Qd1 g6 24. Bf2 Qxa3 25. Ra1 Qd6 26. g4 hxg4 27. hxg4 Kg7 28. g5 Rh8 29. Ng4 Rh5 30. Ne5 Rch8 31. Kg2 Rh2+ 32. Kg3 R8h5 33. Qg4 Bb7 34. Rh1 Rxh1 0-1

[Event "Dhaka Metropolis op U2100"]
[Site "Dhaka"]
[Date "2022.10.17"]
[Round "1"]
[White "Nasir, Uddin"]
[Black "Mohammad Tarikul, Islam"]
[Result "1-0"]
[WhiteElo "1886"]
[BlackElo "1420"]
[PlyCount "85"]
[EventDate "2022.10.17"]
[EventType "swiss"]
[EventRounds "9"]
[EventCountry "BAN"]
[SourceTitle "EXT 2024"]
[Source "ChessBase"]
[SourceDate "2023.10.10"]
[SourceVersion "1"]
[SourceVersionDate "2023.10.10"]
[SourceQuality "1"]

1. e4 d5 2. exd5 Qxd5 3. Nf3 c6 4. d4 h6 5. Be2 Bf5 6. 0-0 Nf6 7. Ne5 e6 8. c4 Qd8 9. Nc3 Nbd7 10. Qb3 Qb6 11. Nxd7 Nxd7 12. Qd1 Be7 13. a3 0-0 14. Bf3 Nf6 15. c5 Qd8 16. Bf4 a6 17. Re1 Rc8 18. b4 b5 19. Qd2 Qd7 20. h3 Rfd8 21. Rad1 Nh7 22. Ne4 Nf6 23. Ng3 Bg6 24. Re5 Nh7 25. Re2 Ng5 26. Bg4 Qd5 27. Re5 Qb3 28. h4 f6 29. Re3 Qd5 30. hxg5 f5 31. Bf3 Qd7 32. gxh6 gxh6 33. Qe2 Bg5 34. Rxe6 Kf7 35. Rd6 Qe8 36. Qa2+ Kg7 37. Be5+ Kh7 38. Qe2 Rxd6 39. Bxd6 Qxe2 40. Nxe2 Re8 41. Nf4 Bxf4 42. Bxf4 Re6 43. Be5 1-0

[Event "Dhaka Marcel op"]
[Site "Dhaka"]
[Date "2022.04.20"]
[Round "2"]
[White "Nasir, Uddin"]
[Black "Hasan, Azizul"]
[Result "1-0"]
[WhiteElo "1838"]
[BlackElo "1388"]
[PlyCount "51"]
[EventDate "2022.04.19"]
[EventType "swiss"]
[EventRounds "9"]
[EventCountry "BAN"]
[SourceTitle "EXT 2023"]
[Source "ChessBase"]
[SourceDate "2022.10.05"]
[SourceVersion "1"]
[SourceVersionDate "2022.10.05"]
[SourceQuality "1"]

1. e4 c5 2. c3 e6 3. d4 d5 4. e5 a6 5. Nf3 h6 6. b3 b5 7. Be2 Nd7 8. 0-0 Ne7 9. a4 Bb7 10. axb5 axb5 11. Rxa8 Bxa8 12. Bxb5 Nf5 13. b4 cxb4 14. cxb4 Bxb4 15. Qa4 0-0 16. Qxb4 Qb8 17. Ba3 Rd8 18. g4 Nxd4 19. Nxd4 Nxe5 20. f3 Rc8 21. Qd6 Nc4 22. Bxc4 dxc4 23. Nc3 e5 24. Ndb5 Bc6 25. Kf2 Kh7 26. Rb1 1-0

[Event "Dhaka Marcel op"]
[Site "Dhaka"]
[Date "2022.04.19"]
[Round "1"]
[White "Mohammad, Javed"]
[Black "Nasir, Uddin"]
[Result "1-0"]
[WhiteElo "2070"]
[BlackElo "1838"]
[PlyCount "77"]
[EventDate "2022.04.19"]
[EventType "swiss"]
[EventRounds "9"]
[EventCountry "BAN"]
[SourceTitle "EXT 2023"]
[Source "ChessBase"]
[SourceDate "2022.10.05"]
[SourceVersion "1"]
[SourceVersionDate "2022.10.05"]
[SourceQuality "1"]

1. d4 d5 2. c4 e6 3. Nf3 Nf6 4. g3 b6 5. Bg2 Bb7 6. Ne5 Be7 7. Qa4+ c6 8. 0-0 0-0 9. Nc3 a6 10. cxd5 cxd5 11. Bf4 b5 12. Qb3 Nh5 13. Bd2 Nd7 14. Rfd1 Rc8 15. e4 b4 16. Na4 dxe4 17. Nxd7 Qxd7 18. Nb6 Qxd4 19. Be3 Qe5 20. Nxc8 Rxc8 21. Rd7 Bd5 22. Qd1 Bf8 23. Bd4 Qg5 24. Be3 Qg6 25. Rc1 Rb8 26. Rcc7 f5 27. Bd4 Nf6 28. Bxf6 Qxf6 29. b3 a5 30. Bf1 Qe5 31. Qc1 a4 32. Bc4 axb3 33. Bxb3 Ra8 34. Bxd5 exd5 35. Qc6 Rxa2 36. Rxd5 Qb2 37. Qe6+ Kh8 38. Rxf5 Qb1+ 39. Kg2 1-0